|
|
|
|
| LEADER |
00683cam a2200193ua 4500 |
| 001 |
503 |
| 008 |
171031s2001 ii g b000 u eng u |
| 041 |
|
|
|a eng
|
| 082 |
|
|
|a 005.1
|
| 100 |
|
|
|a Pressman, Roger S .
|
| 245 |
|
|
|a Software engineering:a practitoiners approach /
|c Roger S Pressman.
|h Textual Documents
|
| 250 |
|
|
|a 6
|b .
|
| 260 |
|
|
|a New York :
|b Mc-Graw Hill ,
|c 2001.
|
| 300 |
|
|
|a NULL ;
|c NULL.
|
| 653 |
|
|
|a Software Engineering
|
| 852 |
|
|
|t 1
|p DCS02363
|b Text Books
|k 005.1
|f 00000
|c L
|m PRE;1
|
| 942 |
|
|
|c BK
|
| 999 |
|
|
|c 237232
|d 237232
|
| 952 |
|
|
|0 0
|1 0
|4 0
|6 005_100000000000000
|7 0
|9 251483
|a DCS
|b DCS
|c L
|d 2019-12-12
|f 00000
|l 0
|m 0
|o 005.1
|p DCS02363
|r 2019-12-12
|t 1
|w 2019-12-12
|y BK
|